| 000 | 01416nam0a22003131 4500 | ||
|---|---|---|---|
| 001 | v19\rc\1919149 | ||
| 005 | 20260406205353.0 | ||
| 035 | _a(NLR Aleph) 005265668 | ||
| 090 |
_a5946764 _c5946764 |
||
| 100 | _a20080404d19121912|||y0rusy50 ca | ||
| 101 | 0 | _arus | |
| 102 | _aRU | ||
| 105 | _ay z ||||| | ||
| 200 | 1 |
_aО деятельности Общества психиатров за 50 лет его существования _fПрив.-доц. С.Д. Владычко |
|
| 210 |
_a[Санкт-Петербург _d1912] |
||
| 215 |
_a13 с. _d24 |
||
| 309 | _aБез тит. л. и обл. | ||
| 311 | _aОтт. из журн. "Обозрение психиатрии", № 11-12 | ||
| 488 | 0 |
_12001#$aОбозрение психиатрии$v№ 11-12 _tОбозрение психиатрии |
|
| 532 | 1 | 1 | _aО деятельности Общества психиатров за пятьдесят лет его существования |
| 700 | 1 |
_8rus _7ca _aВладычко _bС. Д. _f1878- _gСтанислав Доминикович _3RU\NLR\AUTH\77112783 _995708 |
|
| 712 | 0 | 2 |
_aПетербургское о-во психиатров _3RU\NLR\AUTH\889965955 _9428204 |
| 801 | 0 |
_aRU _bNLR _c20080404 _gpsbo |
|
| 801 | 0 |
_aRU _bRuMoRGB _c20080404 _2psbo |
|
| 801 | 1 |
_aRU _bProSoft-M _c20080404 _2rusmarc |
|
| 801 | 2 |
_aRU _bNLR _c20120709 _2rusmarc |
|
| 852 |
_aNLR _j18.337.3.541 |
||
| 942 | _cBOOK | ||
| 980 | _aNB | ||